000 00940nam0a22002411 4500
001 rc\4964969
005 20260409062732.0
021 _aRU
_bРг1971-62
035 _a(NLR Aleph) 008864065
090 _a8479572
_c8479572
100 _a20130426d1961 |||y0rusy50 ca
101 0 _arus
102 _aRU
105 _aa z |||||
200 1 _aРезонансный следящий уровнемер РСУ-57-МЗ
_eМонтажно-эксплуатационная инструкция
_fСовет нар. хозяйства Рязанск. адм. экон. района. Рязанск. завод тепловых приборов
210 _aРязань
_cБ. и.
_d1961
215 _a27 с.
_cил.
_d28
712 0 2 _aРязанский завод тепловых приборов
_3RU\NLR\AUTH\8810211641
_9310409
801 0 _aRU
_bNLR
_gpsbo
801 1 _aRU
_bELAR
_2rusmarc
852 _aNLR
_j62-8/631
942 _cBOOK
980 _aNB